[Event "Frankfurt Ch A 2015"]
[Site "Ffm-Höchst, BiKuZ"]
[Date "2015.04.27"]
[Round "1.54"]
[White "Reimer, Otto"]
[Black "Manasek, Martin"]
[Result "1-0"]
[WhiteElo "1791"]
[BlackElo "1362"]
[PlyCount "91"]
[EventDate "2015.??.??"]
[WhiteTeam "SK Bad Homburg"]
[BlackTeam "Bad Vilbeler Sfr"]

1. e4 c5 2. Nf3 Nc6 3. d4 cxd4 4. Nxd4 e5 5. Nb3 Nf6 6. Nc3 d6 7. Bg5 Be7 8.
Qd2 O-O 9. O-O-O h6 10. Bxf6 Bxf6 11. Kb1 Nd4 12. Nxd4 exd4 13. Nd5 Be6 14.
Nxf6+ Qxf6 15. Qxd4 Qxd4 16. Rxd4 Rad8 17. Be2 f5 18. exf5 Bxf5 19. Bf3 Rc8 20.
Rc1 b6 21. Rxd6 Rcd8 22. Rxd8 Rxd8 23. Rd1 Rc8 24. Rd2 Re8 25. Re2 Rc8 26. Kc1
Kf8 27. Be4 Bd7 28. Bd3 Bc6 29. f3 b5 30. Re5 a6 31. Rc5 Ke7 32. Be4 Bd7 33.
Rxc8 Bxc8 34. b4 g5 35. Kd2 Kf6 36. Ke3 Be6 37. a3 Bc8 38. Kd4 h5 39. g3 h4 40.
f4 hxg3 41. hxg3 gxf4 42. gxf4 Ke7 43. Ke5 Kd8 44. Kd6 Bd7 45. Bb7 Bf5 46. c3
1-0

[Event "Frankfurt Ch A 2015"]
[Site "Ffm-Höchst, BiKuZ"]
[Date "2015.04.27"]
[Round "1.56"]
[White "Thole, Markus"]
[Black "Markulic, Petar"]
[Result "1-0"]
[WhiteElo "1773"]
[BlackElo "1643"]
[PlyCount "59"]
[EventDate "2015.??.??"]
[WhiteTeam "SG Rödermark"]
[BlackTeam "vereinslos"]

1. e4 e5 2. f4 exf4 3. Nf3 Be7 4. Bc4 Bh4+ 5. Kf1 d6 6. Nc3 Be6 7. Bxe6 fxe6 8.
d4 Bg5 9. Qe2 a6 10. Qc4 Kd7 11. g3 Bh6 12. Bxf4 Bxf4 13. gxf4 Qf6 14. Ke2 Ne7
15. Raf1 Ng6 16. Rhg1 Nxf4+ 17. Kd1 Nc6 18. d5 Ne5 19. Nxe5+ Qxe5 20. Rxf4 Raf8
21. dxe6+ Kc8 22. Rxf8+ Rxf8 23. Nd5 c6 24. Ne7+ Kd8 25. Nf5 g6 26. e7+ Ke8 27.
exf8=Q+ Kxf8 28. Ng3 Kg7 29. Qc3 Kh6 30. Qxe5 1-0

[Event "Frankfurt Ch B 2015"]
[Site "Ffm-Höchst, BiKuZ"]
[Date "2015.04.27"]
[Round "1.1"]
[White "Mayer, Andreas"]
[Black "Dolaberidze, Nico"]
[Result "1-0"]
[WhiteElo "1478"]
[BlackElo "1097"]
[PlyCount "115"]
[EventDate "2015.??.??"]
[WhiteTeam "SF Frankfurt"]
[BlackTeam "SV Neu-Isenburg"]

1. c4 e5 2. Nc3 Nc6 3. g3 Bb4 4. Bg2 d6 5. e3 Nf6 6. Nge2 O-O 7. a3 Bxc3 8.
Nxc3 Be6 9. d3 h6 10. O-O Qd7 11. b4 b6 12. b5 Ne7 13. Bxa8 Rxa8 14. e4 Bg4 15.
Qd2 Bf3 16. Qe3 Bg4 17. f3 Be6 18. Nd1 Qc8 19. Nf2 a6 20. Bb2 axb5 21. cxb5 Qd7
22. Rfc1 Rc8 23. a4 c5 24. bxc6 Rxc6 25. d4 Rxc1+ 26. Qxc1 Bb3 27. dxe5 dxe5
28. Bxe5 Nh7 29. Qc7 Qe6 30. Bd6 Nc8 31. Qd8+ Nf8 32. Bxf8 Kh7 33. Rc1 Na7 34.
Qe7 Qxe7 35. Bxe7 Bxa4 36. Ra1 b5 37. Nd1 Nc6 38. Bd6 Nd4 39. Kf2 Nc2 40. Ra2
Nd4 41. Nc3 Bb3 42. Rb2 Bc4 43. Ke3 Nb3 44. Nxb5 Na5 45. Bc7 Nc6 46. Nd6 Be6
47. Nb7 Bd7 48. Nd8 f5 49. Nxc6 Bxc6 50. exf5 Kg8 51. Be5 Kf7 52. Rc2 Be8 53.
Rc7+ Kg8 54. Bxg7 h5 55. Kf4 Bg6 56. fxg6 h4 57. Bh6 hxg3 58. Rc8# 1-0

[Event "Frankfurt Ch B 2015"]
[Site "Ffm-Höchst, BiKuZ"]
[Date "2015.04.27"]
[Round "1.2"]
[White "Dröser, Wolfgang"]
[Black "Lopez, Victor"]
[Result "1/2-1/2"]
[WhiteElo "1116"]
[BlackElo "1442"]
[PlyCount "45"]
[EventDate "2015.??.??"]
[WhiteTeam "SF Frankfurt"]
[BlackTeam "SC Höchst"]

1. f4 f5 2. Nf3 Nf6 3. b3 g6 4. Bb2 Bg7 5. e3 O-O 6. h3 d6 7. d3 Nc6 8. Nbd2
Nd5 9. Bxg7 Kxg7 10. Qe2 e5 11. g3 Re8 12. fxe5 Nxe5 13. e4 Nb4 14. Kd1 Nxf3
15. Qxf3 Qf6 16. c3 Nc6 17. d4 fxe4 18. Qxf6+ Kxf6 19. d5 Nd8 20. Bg2 e3 21.
Ne4+ Kg7 22. Re1 Bf5 23. Rxe3 1/2-1/2

[Event "Frankfurt Ch B 2015"]
[Site "Ffm-Höchst, BiKuZ"]
[Date "2015.04.27"]
[Round "1.3"]
[White "Koller, Wolfgang"]
[Black "Klinke, Roland"]
[Result "1-0"]
[WhiteElo "1422"]
[BlackElo "1076"]
[PlyCount "63"]
[EventDate "2015.??.??"]
[WhiteTeam "SC Sulzbach"]
[BlackTeam "TuS Dotzheim"]

1. e4 c5 2. Nf3 Nc6 3. d4 cxd4 4. Nxd4 g6 5. Nc3 Bg7 6. Be3 d6 7. Qd2 Nf6 8. f3
O-O 9. g4 Ne5 10. h4 Bd7 11. h5 Bc6 12. O-O-O a5 13. h6 Bh8 14. g5 Ne8 15. Be2
Nc7 16. f4 Nd7 17. Rhf1 a4 18. a3 Nb8 19. f5 Be8 20. fxg6 fxg6 21. Rxf8+ Kxf8
22. Rf1+ Bf7 23. Bc4 Nc6 24. Rxf7+ Ke8 25. Rxh7 Kd7 26. Nxc6 bxc6 27. Bd4 Bxd4
28. Qxd4 Qf8 29. Rf7 Qe8 30. Qg7 Ne6 31. Bxe6+ Kxe6 32. Qxg6+ 1-0

[Event "Frankfurt Ch B 2015"]
[Site "Ffm-Höchst, BiKuZ"]
[Date "2015.04.27"]
[Round "1.4"]
[White "Fredershausen, Kurt"]
[Black "Both, Günter"]
[Result "0-1"]
[WhiteElo "1059"]
[BlackElo "1421"]
[PlyCount "157"]
[EventDate "2015.??.??"]
[WhiteTeam "SC Bad Soden"]
[BlackTeam "SK Bischofsheim"]

1. e4 c5 2. Bc4 e6 3. Nc3 Nc6 4. Nf3 d6 5. a3 Nf6 6. d3 Be7 7. h3 a6 8. Be3 b5
9. Ba2 Bb7 10. d4 cxd4 11. Nxd4 O-O 12. Nxc6 Bxc6 13. f3 Qc7 14. Bf4 Nh5 15.
Bh2 Bh4+ 16. Kd2 Bg5+ 17. Ke1 Bh4+ 18. Kd2 Bg5+ 19. Ke1 Bf4 20. Ne2 Bxh2 21.
Rxh2 d5 22. Rh1 dxe4 23. Kf2 Rad8 24. Qc1 exf3 25. gxf3 Qe5 26. c3 Qf5 27. Qe3
e5 28. Bb1 Qf6 29. Rg1 Qh4+ 30. Ng3 Nf4 31. Bf5 g6 32. Be4 Bxe4 33. Qxe4 Nxh3+
34. Kf1 Qxe4 35. Nxe4 Nxg1 36. Kxg1 f5 37. Nc5 Rd6 38. Kf2 Rc8 39. b4 Kf7 40.
a4 h5 41. axb5 axb5 42. Ra7+ Kg8 43. Re7 Rd5 44. Ke3 Rcxc5 45. bxc5 Rxc5 46.
Kd3 Rd5+ 47. Ke3 Kf8 48. Rb7 Kg8 49. f4 e4 50. Rb8+ Kf7 51. Rb7+ Kg8 52. Rb8+
Kh7 53. Rb7+ Kh6 54. Rb8 Kg7 55. Rb7+ Kf6 56. Rb6+ Ke7 57. Rxg6 Rd3+ 58. Ke2
Rxc3 59. Rb6 Rf3 60. Rxb5 Rxf4 61. Ke3 Rf3+ 62. Ke2 h4 63. Rb7+ Ke6 64. Rh7 h3
65. Rh4 Ke5 66. Rh8 Kf4 67. Rh5 e3 68. Ke1 Kg4 69. Rh7 Kg3 70. Ke2 Kg4 71. Rg7+
Kf4 72. Rh7 Rf2+ 73. Ke1 h2 74. Rh3 Ke4 75. Rh4+ f4 76. Rg4 Kf3 77. Rh4 Rg2 78.
Rh3+ Kg4 79. Rh7 {last moves incorrect! Rest nicht nachvollziehbar} 0-1

[Event "Frankfurt Ch B 2015"]
[Site "Ffm-Höchst, BiKuZ"]
[Date "2015.04.27"]
[Round "1.5"]
[White "Urbach, Jens"]
[Black "Müller, Britta"]
[Result "1-0"]
[WhiteElo "1408"]
[BlackElo "860"]
[PlyCount "81"]
[EventDate "2015.??.??"]
[WhiteTeam "SF Frankfurt"]
[BlackTeam "SC Diez"]

1. e4 e5 2. Nf3 Nc6 3. d4 exd4 4. Nxd4 Bc5 5. Be3 Nf6 6. Nxc6 Bb4+ 7. c3 Bxc3+
8. Nxc3 bxc6 9. Bc4 Nxe4 10. Nxe4 d5 11. Ng5 f6 12. Nf3 dxc4 13. Qa4 Qd5 14.
Rd1 Qb5 15. Qa3 a6 16. O-O Bg4 17. Rfe1 Kf7 18. h3 Bxf3 19. gxf3 Rad8 20. Bd2
Rhe8 21. Rxe8 Rxe8 22. Bc1 Re5 23. Be3 Rd5 24. Bd2 Rxd2 25. Rxd2 Qg5+ 26. Kf1
Qxd2 27. Qxa6 Qc1+ 28. Kg2 Qxb2 29. Qxc4+ Kg6 30. a4 Qe5 31. Qxc6 Qg5+ 32. Kh2
Qe5+ 33. Kg2 Qg5+ 34. Kf1 Qd2 35. Qe8+ Kh6 36. Qe3+ Qxe3 37. fxe3 c5 38. Ke2 g5
39. a5 c4 40. Kd2 f5 41. a6 1-0

[Event "Frankfurt Ch B 2015"]
[Site "Ffm-Höchst, BiKuZ"]
[Date "2015.04.27"]
[Round "1.6"]
[White "Klein, Simon"]
[Black "Goodwin, David"]
[Result "1-0"]
[WhiteElo "1028"]
[BlackElo "1403"]
[PlyCount "117"]
[EventDate "2015.??.??"]
[WhiteTeam "SF Frankfurt"]
[BlackTeam "SV Kelsterbach"]

1. d4 g6 2. c4 Bg7 3. Nc3 d6 4. e4 Nd7 5. f4 e5 6. Nf3 exd4 7. Nxd4 Ngf6 8. Be3
O-O 9. Nf3 Re8 10. Qc2 c6 11. h3 Nc5 12. Bd3 Nxd3+ 13. Qxd3 d5 14. cxd5 cxd5
15. e5 Bf5 16. Qb5 Bd7 17. Qxb7 Qa5 18. Qb3 Ne4 19. O-O Nxc3 20. Qxc3 Qxc3 21.
bxc3 Be6 22. Nd4 Rec8 23. Rac1 Bf8 24. Nxe6 fxe6 25. g4 Rc4 26. Bd4 a6 27. f5
Bh6 28. Rc2 Rf8 29. fxe6 Re8 30. h4 Rxe6 31. Rf6 Rcc6 32. Rxe6 Rxe6 33. c4 dxc4
34. Rxc4 Bg7 35. Rc5 Bf8 36. Rd5 Kf7 37. Bc5 Be7 38. Bxe7 Kxe7 39. Kf2 h6 40.
Kf3 Rb6 41. Kf4 Ke6 42. Rd6+ Rxd6 43. exd6 Kxd6 44. g5 h5 45. Ke4 Ke6 46. Kd4
Kd6 47. Kc4 Kc6 48. Kb4 Kb6 49. a3 Ka7 50. Kc5 Kb7 51. Kd6 Kc8 52. Ke7 Kc7 53.
Kf6 Kb6 54. Kxg6 Kb5 55. Kf6 Ka4 56. g6 Kxa3 57. g7 a5 58. g8=Q a4 59. Qc4 1-0

[Event "Frankfurt Ch B 2015"]
[Site "Ffm-Höchst, BiKuZ"]
[Date "2015.04.27"]
[Round "1.7"]
[White "Giebitz, Walter"]
[Black "Al-Butmeh, Firas"]
[Result "1-0"]
[WhiteElo "1326"]
[BlackElo "822"]
[PlyCount "79"]
[EventDate "2015.??.??"]
[WhiteTeam "SC Steinbach"]
[BlackTeam "Frankfurter TV"]

1. e4 e5 2. Nf3 Nc6 3. Nc3 Nf6 4. Bc4 Bc5 5. d3 h6 6. O-O d6 7. h3 O-O 8. Kh1
Re8 9. Na4 Na5 10. Bb3 Nxb3 11. axb3 Nd7 12. Nh2 Qh4 13. f4 a6 14. fxe5 dxe5
15. Qf3 Re7 16. Ng4 Bd6 17. Nc3 Nb6 18. Be3 Be6 19. Bf2 Qg5 20. Nb5 Rf8 21.
Nxd6 cxd6 22. Bxb6 f5 23. Nxe5 Qf6 24. Qg3 Rc8 25. Ng6 Rd7 26. c3 Bf7 27. Nf4
Bxb3 28. Bd4 Qf7 29. Ra3 Bc2 30. Nd5 Rf8 31. Nf6+ Kh8 32. Nxd7 Qxd7 33. Rxf5
Re8 34. Raa5 Kh7 35. Rf2 Bd1 36. Raf5 Re7 37. Qf4 Kg8 38. Rf8+ Kh7 39. Qf5+ g6
40. Rh8# 1-0

[Event "Frankfurt Ch B 2015"]
[Site "Ffm-Höchst, BiKuZ"]
[Date "2015.04.27"]
[Round "1.8"]
[White "Häfner, Günther"]
[Black "Herwig-Päutz, Martin"]
[Result "1-0"]
[WhiteElo "780"]
[BlackElo "1320"]
[PlyCount "118"]
[EventDate "2015.??.??"]
[WhiteTeam "TSG Nieder-Erlenbach"]
[BlackTeam "SF Friedberg"]

1. e4 e5 2. Nf3 Nc6 3. Bc4 Nf6 4. Nc3 Bb4 5. d3 d6 6. Ng5 d5 7. exd5 Nxd5 8.
O-O Bxc3 9. bxc3 O-O 10. Ne4 f5 11. Ng5 Rf6 12. Qf3 e4 13. dxe4 fxe4 14. Bxd5+
Qxd5 15. Qxe4 Qxe4 16. Nxe4 Re6 17. f3 b6 18. Bf4 Ne5 19. Rad1 Bb7 20. Ng5 Re7
21. Rfe1 Rae8 22. Kf2 h6 23. Bxe5 hxg5 24. Bxc7 Ba6 25. Re4 Rxe4 26. fxe4 Rxe4
27. Kf3 Bb7 28. Kf2 Ba6 29. Re1 Ra4 30. Ra1 Kf7 31. Bd8 g4 32. Bc7 Bc4 33. a3
Be6 34. Bd6 Bf5 35. Rc1 Ke6 36. Bf8 Bxc2 37. Rxc2 Rf4+ 38. Kg3 Rxf8 39. Kxg4
Rf1 40. Kg3 Ra1 41. Re2+ Kd5 42. Kf3 Rxa3 43. Re3 a5 44. c4+ Kxc4 45. Rxa3 Kb4
46. Re3 b5 47. Ke2 a4 48. Kd1 a3 49. Kc1 Ka4 50. Kb1 b4 51. Ka2 Kb5 52. g4 Kc4
53. h4 Kd4 54. Rf3 g6 55. g5 Ke4 56. Rf6 Kd4 57. Rxg6 Kc3 58. Rc6+ Kd4 59. g6
b3+ 1-0

[Event "Frankfurt Ch B 2015"]
[Site "Ffm-Höchst, BiKuZ"]
[Date "2015.04.27"]
[Round "1.9"]
[White "Brunner, Andreas"]
[Black "Meister, Jörg"]
[Result "1-0"]
[WhiteElo "1317"]
[BlackElo "812"]
[PlyCount "87"]
[EventDate "2015.??.??"]
[WhiteTeam "TSG Nieder-Erlenbach"]
[BlackTeam "SF Friedberg"]

1. e4 e5 2. Nc3 Nf6 3. Nf3 Nc6 4. Bc4 h6 5. O-O Bc5 6. Nxe5 Nxe5 7. Bb3 Bd4 8.
Nb5 Bb6 9. d4 Nc6 10. e5 Ng8 11. Qf3 f6 12. exf6 Nxf6 13. Re1+ Ne7 14. Qd3 d5
15. Qg6+ Kf8 16. Qd3 c6 17. Nc3 Bf5 18. Qd2 Kf7 19. Ne2 Re8 20. c3 Kg8 21. Ng3
Bg6 22. Bc2 Bc7 23. Bxg6 Nxg6 24. Rf1 Ne4 25. Nxe4 Rxe4 26. Qc2 Bf4 27. f3 Qd6
28. fxe4 Bxh2+ 29. Kh1 Rf8 30. Rxf8+ Kxf8 31. e5 Bxe5 32. dxe5 Nxe5 33. Qf2+
Kg8 34. Bf4 g5 35. Bxe5 Qxe5 36. Rf1 Qf4 37. Qxf4 gxf4 38. Rxf4 Kg7 39. Kh2 Kg6
40. Kh3 Kg5 41. g3 h5 42. Rf7 b5 43. Rxa7 Kf5 44. Rc7 1-0

[Event "Frankfurt Ch B 2015"]
[Site "Ffm-Höchst, BiKuZ"]
[Date "2015.04.27"]
[Round "1.10"]
[White "Lochmann, Tobias"]
[Black "Wöhl, Torsten"]
[Result "0-1"]
[WhiteElo "723"]
[BlackElo "1307"]
[PlyCount "56"]
[EventDate "2015.??.??"]
[WhiteTeam "SV Groß-Gerau"]
[BlackTeam "SC Groß-Zimmern"]

1. e4 e6 2. Nf3 d5 3. Nc3 dxe4 4. Nxe4 Nf6 5. Nc3 Bd6 6. Bb5+ c6 7. Ba4 O-O 8.
O-O b5 9. Bb3 Na6 10. a3 Nc5 11. d4 Nxb3 12. cxb3 Qc7 13. b4 Ng4 14. h3 Nf6 15.
Bg5 Nh5 16. Ne5 Bxe5 17. dxe5 g6 18. Ne4 Qxe5 19. Qf3 f5 20. g4 fxe4 21. Qe2
Qxg5 22. Qxe4 Rb8 23. Rae1 Nf4 24. Qe3 Rf7 25. Qb3 Qd5 26. Qg3 Rbb7 27. Qh2 Qf3
28. Rc1 Ne2# 0-1

[Event "Frankfurt Ch A 2015"]
[Site "Ffm-Höchst, BiKuZ"]
[Date "2015.05.04"]
[Round "2.1"]
[White "Khenkin, Igor"]
[Black "Rolf, Marco"]
[Result "1-0"]
[WhiteElo "2578"]
[BlackElo "1913"]
[PlyCount "51"]
[EventDate "2015.??.??"]
[WhiteTeam "SG Porz"]
[BlackTeam "SK Bad Homburg"]

1. d4 d5 2. Nf3 Nf6 3. g3 e6 4. Bg2 Be7 5. c4 O-O 6. Nc3 c6 7. O-O Nbd7 8. Qd3
b6 9. cxd5 exd5 10. Bg5 Bb7 11. Rfd1 Re8 12. Rac1 Ne4 13. Bxe7 Qxe7 14. e3 Rad8
15. Qc2 Nd6 16. Ne2 Qf6 17. Nf4 Ne4 18. Qa4 c5 19. Qxa7 Qc6 20. dxc5 Ndxc5 21.
Qa3 Ra8 22. Qb4 Ra4 23. Qe1 Ba6 24. b4 Rxa2 25. bxc5 Nxf2 26. Rd2 1-0

[Event "Frankfurt Ch A 2015"]
[Site "Ffm-Höchst, BiKuZ"]
[Date "2015.05.04"]
[Round "2.2"]
[White "Rudolph, Lukas"]
[Black "Poetsch, Hagen"]
[Result "0-1"]
[WhiteElo "1899"]
[BlackElo "2464"]
[PlyCount "114"]
[EventDate "2015.??.??"]
[WhiteTeam "SK Niederbrechen"]
[BlackTeam "SF Schöneck"]

1. e4 d5 2. exd5 Qxd5 3. Nc3 Qa5 4. Bc4 Nf6 5. d4 Bg4 6. Nge2 e6 7. f3 Bf5 8.
O-O Be7 9. Ng3 Bg6 10. Nce4 Nbd7 11. c3 O-O 12. Re1 b5 13. Bd3 b4 14. c4 c5 15.
dxc5 Nxc5 16. Nxf6+ Bxf6 17. Bxg6 hxg6 18. Ne4 Rad8 19. Nxf6+ gxf6 20. Qe2 Nd3
21. Rd1 Nxc1 22. Rdxc1 Qc5+ 23. Kh1 Rd4 24. b3 Rfd8 25. Rd1 Kf8 26. Qe1 a5 27.
h3 Qe5 28. Rxd4 Rxd4 29. Qxe5 fxe5 30. Re1 Rd2 31. Rxe5 Rxa2 32. Rb5 Ke7 33.
Kh2 Kd6 34. h4 Ra3 35. Kg3 Rxb3 36. Rxa5 Rc3 37. Rb5 Rxc4 38. Kh3 Kc6 39. Rb8
Kc5 40. g4 Rd4 41. h5 Rd1 42. Kg2 gxh5 43. gxh5 Rd5 44. h6 Rh5 45. Rh8 Kd4 46.
h7 Ke3 47. Kg3 f5 48. Re8 Rxh7 49. Rxe6+ Kd4 50. Rb6 Kc3 51. Kf4 Rf7 52. Kg5 f4
53. Kg6 Rc7 54. Kf5 Rc4 55. Ke5 b3 56. Kd5 Rb4 57. Rc6+ Kd3 0-1

[Event "Frankfurt Ch A 2015"]
[Site "Ffm-Höchst, BiKuZ"]
[Date "2015.05.04"]
[Round "2.3"]
[White "Milov, Leonid"]
[Black "Kuhn, Gerhard"]
[Result "1-0"]
[WhiteElo "2396"]
[BlackElo "1912"]
[PlyCount "57"]
[EventDate "2015.??.??"]
[WhiteTeam "SC Noris-Tarrasch Nürnberg"]
[BlackTeam "SK Marburg"]

1. e4 c6 2. c4 d5 3. exd5 cxd5 4. cxd5 Nf6 5. Qa4+ Nbd7 6. Nc3 g6 7. Bc4 Bg7 8.
d3 O-O 9. Nf3 a6 10. Qa3 Nb6 11. Qb3 Bg4 12. Ne5 Rc8 13. h3 Bd7 14. O-O Be8 15.
Re1 Nfd7 16. Nxd7 Bxd7 17. Bg5 Nxc4 18. dxc4 f6 19. Be3 Qc7 20. c5 Kh8 21. Bd4
Rfe8 22. Rad1 Rb8 23. Re3 Qd8 24. Rde1 e5 25. dxe6 Bxe6 26. Rxe6 Rxe6 27. Qxe6
Qxd4 28. c6 Qf4 29. Nd5 1-0

[Event "Frankfurt Ch A 2015"]
[Site "Ffm-Höchst, BiKuZ"]
[Date "2015.05.04"]
[Round "2.4"]
[White "Rondonuwu, Grover"]
[Black "Reschke, Stefan"]
[Result "1/2-1/2"]
[WhiteElo "1894"]
[BlackElo "2259"]
[PlyCount "68"]
[EventDate "2015.??.??"]
[WhiteTeam "Frankfurter TV"]
[BlackTeam "SV Oberursel"]

1. d4 Nf6 2. Nf3 d6 3. Bf4 Nh5 4. Bd2 f5 5. c4 g6 6. Bc3 e6 7. g3 Bg7 8. Bg2
O-O 9. e3 Nd7 10. O-O Kh8 11. Nbd2 e5 12. dxe5 Nxe5 13. Qc2 Qe7 14. Rad1 Rb8
15. Nd4 Bd7 16. Rfe1 c5 17. Ne2 b5 18. b3 g5 19. f4 Ng4 20. Bxg7+ Nxg7 21. Nc3
Rfe8 22. cxb5 gxf4 23. gxf4 Bxb5 24. Nd5 Qd8 25. Qc3 Bc6 26. h3 Bxd5 27. Bxd5
Nf6 28. Bf3 Re6 29. Nc4 Qe7 30. Kh2 Rd8 31. Rg1 Nfe8 32. Rg2 Rg6 33. Rdg1 Rxg2+
34. Rxg2 Nf6 1/2-1/2

[Event "Frankfurt Ch A 2015"]
[Site "Ffm-Höchst, BiKuZ"]
[Date "2015.05.04"]
[Round "2.5"]
[White "Stockmann, Michael"]
[Black "Beinrucker, Clemens"]
[Result "1-0"]
[WhiteElo "2193"]
[BlackElo "1902"]
[PlyCount "51"]
[EventDate "2015.??.??"]
[WhiteTeam "SF Schöneck"]
[BlackTeam "SK Niederbrechen"]

1. d4 Nf6 2. Nf3 e6 3. c4 Bb4+ 4. Nbd2 O-O 5. g3 c5 6. a3 Bxd2+ 7. Qxd2 d6 8.
Bg2 Nc6 9. O-O Rb8 10. Rd1 Qa5 11. dxc5 dxc5 12. Qxa5 Nxa5 13. Bf4 Ra8 14. Bd6
Re8 15. Ne5 Nd7 16. Nxd7 Bxd7 17. Bc7 Nb3 18. Rxd7 Nxa1 19. Bxb7 Rab8 20. Bxb8
Rxb8 21. b4 Nb3 22. Be4 f5 23. Bc2 cxb4 24. Bxb3 bxa3 25. Rd3 a5 26. Ba2 1-0

[Event "Frankfurt Ch A 2015"]
[Site "Ffm-Höchst, BiKuZ"]
[Date "2015.05.04"]
[Round "2.6"]
[White "Kaiser, Elmar"]
[Black "Göbel, Andreas"]
[Result "1/2-1/2"]
[WhiteElo "2172"]
[BlackElo "1897"]
[PlyCount "111"]
[EventDate "2015.??.??"]
[WhiteTeam "SK Tauberbischofsheim"]
[BlackTeam "SC Brett vorm Kopp"]

1. e4 c6 2. d4 d5 3. Nc3 dxe4 4. Nxe4 Bf5 5. Ng3 Bg6 6. h4 h6 7. Nf3 Nd7 8. h5
Bh7 9. Bd3 Bxd3 10. Qxd3 e6 11. Bd2 Ngf6 12. O-O-O Bd6 13. Ne4 Nxe4 14. Qxe4
Nf6 15. Qe2 Qc7 16. g3 O-O-O 17. Kb1 Rhe8 18. c4 c5 19. Bc3 cxd4 20. Nxd4 a6
21. Nb3 Be7 22. Qe3 Rxd1+ 23. Rxd1 Rd8 24. Rc1 Rd7 25. Ka1 Nxh5 26. c5 Rd5 27.
Ba5 Qe5 28. Qf3 Bf6 29. Bc3 Qf5 30. Qxf5 exf5 31. Ba5 Kd7 32. Kb1 Be5 33. Nd2
Bd4 34. b4 Bxf2 35. Nc4 Kc6 36. a4 Bxg3 37. Na3 Nf6 38. b5+ axb5 39. axb5+ Kd7
40. c6+ bxc6 41. bxc6+ Kc8 42. Nc4 Bc7 43. Bc3 Ne8 44. Re1 Kd8 45. Kc2 g6 46.
Bb4 Nd6 47. Ne5 Ba5 48. Rd1 Rxe5 49. Bxd6 Re2+ 50. Kb3 Bc7 51. Bc5+ Kc8 52. Ra1
Kb8 53. Ba7+ Kc8 54. Bc5 Kb8 55. Ba7+ Kc8 56. Bc5 1/2-1/2

[Event "Frankfurt Ch A 2015"]
[Site "Ffm-Höchst, BiKuZ"]
[Date "2015.05.04"]
[Round "2.7"]
[White "Henrich, Thomas"]
[Black "Zimpfer, Andreas"]
[Result "1-0"]
[WhiteElo "2171"]
[BlackElo "1890"]
[PlyCount "53"]
[EventDate "2015.??.??"]
[WhiteTeam "SK Marburg"]
[BlackTeam "SC Butzbach"]

1. c4 d6 2. Nc3 e5 3. g3 Nc6 4. Bg2 Nf6 5. Rb1 Be7 6. b4 O-O 7. b5 Nd4 8. e3
Ne6 9. Nge2 Ng5 10. h4 Ne6 11. Qc2 Qd7 12. d4 g6 13. O-O Ng7 14. Ba3 exd4 15.
Nxd4 Re8 16. Rfd1 Qg4 17. Nd5 Bd8 18. Nf4 Nf5 19. Rb3 Nh5 20. Bh3 Nxd4 21. exd4
Bf5 22. Qd2 Re2 23. Bxg4 Rxd2 24. Rxd2 Bxg4 25. Nxh5 Bxh5 26. f3 g5 27. g4 1-0

[Event "Frankfurt Ch A 2015"]
[Site "Ffm-Höchst, BiKuZ"]
[Date "2015.05.04"]
[Round "2.8"]
[White "Schmitt, Roland"]
[Black "Minor, Samuel"]
[Result "0-1"]
[WhiteElo "1884"]
[BlackElo "2131"]
[PlyCount "124"]
[EventDate "2015.??.??"]
[WhiteTeam "SK Großsachsen"]
[BlackTeam "Wiesbadener SV"]

1. d4 d5 2. c4 c6 3. Nf3 Nf6 4. Nc3 dxc4 5. a4 Bf5 6. e3 Na6 7. Bxc4 Nb4 8. O-O
e6 9. Qe2 Ne4 10. Nxe4 Bxe4 11. Ne5 Bd6 12. f3 Bg6 13. Bd2 a5 14. Bc3 Qc7 15.
Rad1 f6 16. f4 fxe5 17. fxe5 Be7 18. Bxe6 Nd5 19. e4 Nxc3 20. bxc3 Bg5 21. Qc4
Rf8 22. Rxf8+ Kxf8 23. Rf1+ Ke8 24. d5 Qxe5 25. dxc6 Bf4 26. cxb7 Rd8 27. Bd5
Bxh2+ 28. Kh1 Bg3 29. Qc6+ Ke7 30. Qc5+ Qd6 31. Qa7 Rb8 32. Qxa5 Be8 33. Qb4
Qxb4 34. cxb4 Kd6 35. Ra1 Bc6 36. Rd1 Bxd5 37. Rxd5+ Ke6 38. Rg5 Be5 39. Rh5
Rxb7 40. b5 Ra7 41. Rxh7 Rxa4 42. Kg1 Rxe4 43. Rh3 Rb4 44. Rf3 Rxb5 45. Rf8 Bf6
46. Ra8 Kf5 47. Ra4 Rd5 48. Kf2 Rd4 49. Ra3 g5 50. Ra5+ Be5 51. Kg1 Re4 52. Ra8
Kg4 53. Ra3 Bg3 54. Ra1 Re1+ 55. Rxe1 Bxe1 56. Kh1 Ba5 57. Kh2 Bc7+ 58. Kh1 Kg3
59. Kg1 Bb6+ 60. Kh1 Kf2 61. Kh2 g4 62. Kh1 Bc7 0-1

[Event "Frankfurt Ch A 2015"]
[Site "Ffm-Höchst, BiKuZ"]
[Date "2015.05.04"]
[Round "2.9"]
[White "Mahnke, Ralf"]
[Black "Keller, Peter"]
[Result "1/2-1/2"]
[WhiteElo "1873"]
[BlackElo "2094"]
[PlyCount "57"]
[EventDate "2015.??.??"]
[WhiteTeam "SC Nidderau"]
[BlackTeam "Frankfurter TV"]

1. d4 Nf6 2. c4 g6 3. Nc3 Bg7 4. e4 d6 5. Be2 O-O 6. Nf3 e5 7. O-O Nc6 8. d5
Ne7 9. Ne1 Nd7 10. Be3 f5 11. f3 f4 12. Bf2 g5 13. Rc1 h5 14. c5 Nxc5 15. b4
Na6 16. Nd3 Ng6 17. Nb5 Bd7 18. a4 Rf7 19. Nxa7 Bh6 20. Rc3 Rg7 21. b5 Nc5 22.
Nxc5 dxc5 23. Bxc5 b6 24. Bxb6 cxb6 25. Nc6 Bxc6 26. bxc6 Qd6 27. Qb3 Rga7 28.
c7 Ne7 29. Rfc1 1/2-1/2

[Event "Frankfurt Ch A 2015"]
[Site "Ffm-Höchst, BiKuZ"]
[Date "2015.05.04"]
[Round "2.10"]
[White "Reschke, Thomas"]
[Black "Kretner, Georg-Ulrich"]
[Result "1-0"]
[WhiteElo "2054"]
[BlackElo "1874"]
[PlyCount "73"]
[EventDate "2015.??.??"]
[WhiteTeam "SC Frankfurt-West"]
[BlackTeam "SC Bad Nauheim"]

1. c4 f5 2. g3 Nf6 3. Bg2 e6 4. Nf3 d5 5. b3 Bd6 6. Bb2 O-O 7. O-O c6 8. d4 Qe7
9. Ne5 Nbd7 10. f3 f4 11. gxf4 Nh5 12. e3 Rf6 13. Nc3 Rh6 14. Qe1 c5 15. Ng4
Rg6 16. Nb5 Bb8 17. dxc5 Nxc5 18. Rd1 dxc4 19. bxc4 a6 20. Nc3 Ba7 21. Kh1 Nd7
22. Ne4 Bb8 23. Rd3 b5 24. Ba3 Qe8 25. cxb5 axb5 26. Qh4 Nhf6 27. Rfd1 Nxe4 28.
fxe4 b4 29. Bxb4 Rxa2 30. f5 exf5 31. exf5 Rxg2 32. fxg6 Rxh2+ 33. Nxh2 Bb7+
34. Kg1 Qxg6+ 35. Ng4 Ba7 36. Qd8+ Nf8 37. Qxf8# 1-0

[Event "Frankfurt Ch A 2015"]
[Site "Ffm-Höchst, BiKuZ"]
[Date "2015.05.04"]
[Round "2.11"]
[White "Stock, Jürgen"]
[Black "Kaulfuss, Helmut"]
[Result "0-1"]
[WhiteElo "1867"]
[BlackElo "2046"]
[PlyCount "62"]
[EventDate "2015.??.??"]
[WhiteTeam "SC Eschborn"]
[BlackTeam "SV Hofheim"]

1. d4 Nc6 2. f4 d5 3. e3 g6 4. Nd2 Bg7 5. c3 Nf6 6. Bd3 O-O 7. Ngf3 Bf5 8. Bxf5
gxf5 9. O-O e6 10. Kh1 Ne7 11. Rg1 Ng6 12. h3 Ne4 13. Nxe4 fxe4 14. Nh2 Kh8 15.
Bd2 Rg8 16. Be1 f5 17. Qh5 Qe8 18. g4 Qf7 19. gxf5 exf5 20. Rg5 Raf8 21. Bf2
Ne7 22. Rag1 Qxh5 23. Rxh5 Bf6 24. Nf1 Rxg1+ 25. Kxg1 Kg7 26. Bh4 Bxh4 27. Rxh4
Rf6 28. Nd2 Kg6 29. Kf2 Rb6 30. b3 Rc6 31. Nb1 h5 0-1

[Event "Frankfurt Ch A 2015"]
[Site "Ffm-Höchst, BiKuZ"]
[Date "2015.05.04"]
[Round "2.12"]
[White "Schwenkreis, Thomas"]
[Black "Kalepky, Helmut"]
[Result "1-0"]
[WhiteElo "2031"]
[BlackElo "1872"]
[PlyCount "111"]
[EventDate "2015.??.??"]
[WhiteTeam "SC Brett vorm Kopp"]
[BlackTeam "SF Heidesheim"]

1. e4 c6 2. Nf3 d5 3. Nc3 dxe4 4. Nxe4 Nd7 5. Bc4 e6 6. O-O Ngf6 7. Ng3 Bd6 8.
Re1 Nb6 9. Bb3 O-O 10. d3 Nbd5 11. c4 Nc7 12. Bg5 Bxg3 13. hxg3 c5 14. Qe2 b6
15. d4 cxd4 16. Rad1 h6 17. Bf4 Bb7 18. Nxd4 Qc8 19. Ba4 Nfe8 20. Nc6 Bxc6 21.
Bxc6 Rb8 22. Qf3 f6 23. Bd7 Qa6 24. Bxe8 Rbxe8 25. Bxc7 Qxc4 26. Bd6 Rf7 27. b3
Qc2 28. Qe2 Qf5 29. g4 Qg6 30. Qc4 e5 31. Ba3 Kh7 32. f3 Rb8 33. Qe4 Rbb7 34.
Qxg6+ Kxg6 35. Rd2 h5 36. gxh5+ Kxh5 37. Kf2 Kg6 38. Rc1 Rb8 39. Ke3 Kf5 40.
Rc6 Kg6 41. Rd5 Kh7 42. g4 Re8 43. Ke4 Kg6 44. Bb2 Kg5 45. Bc1+ Kg6 46. b4 Rb7
47. Rdd6 Rh8 48. Rc2 Re8 49. Be3 Ree7 50. g5 Re8 51. gxf6 gxf6 52. Rg2+ Kf7 53.
Kf5 Rh8 54. Rxf6+ Ke8 55. Re6+ Kd8 56. Kxe5 1-0

[Event "Frankfurt Ch A 2015"]
[Site "Ffm-Höchst, BiKuZ"]
[Date "2015.05.04"]
[Round "2.13"]
[White "Drill, Frank"]
[Black "Achtmann, Armin"]
[Result "1-0"]
[WhiteElo "2024"]
[BlackElo "1861"]
[PlyCount "45"]
[EventDate "2015.??.??"]
[WhiteTeam "SF Neuberg"]
[BlackTeam "TuS Dotzheim"]

1. e4 c6 2. d4 d5 3. e5 c5 4. dxc5 Nc6 5. Bb5 e6 6. b4 Bd7 7. Bxc6 Bxc6 8. Nf3
a5 9. c3 axb4 10. cxb4 b6 11. Bg5 Qc7 12. cxb6 Bxb4+ 13. Nbd2 Qxb6 14. O-O Bc5
15. Nb3 Bb5 16. Nxc5 Bxf1 17. Be3 Bc4 18. Ne4 Qc7 19. Nd6+ Ke7 20. Rb1 Rb8 21.
Bb6 Qd7 22. Nxc4 dxc4 23. Bc5+ 1-0